عرض عادي عرض مارك
  • Online social networks

مدخل مصطلح موضوعي

عدد التسجيلات المستخدمة في: 1

001 - رقم الضبط

  • حقل الضبط: 45467

003 - معرف رقم الضبط

  • حقل الضبط: OSt

005 - تاريخ ووقت أخر عملية

  • حقل الضبط: 20140520100158.0

008 - عناصر بيانات ثابتة الطول

  • حقل تحكم ثابت الطول: 140520|||a|||||| | ||| d

040 ## - مصدر الفهرسة

  • هيئة الفهرسة الأصلية: OSt
  • وكالة الكتابة: OSt

150 ## - مدخل-- مصطلح تاريخي

  • عنصر مدخل المصطلح الموضوعي او الاسم الجغرافي: Online social networks
  • تفريع عام: Research

670 ## - بيانات المصدر موجوده

  • الاستشهاد بالمصدر: Work cat.: (OSt)0: Bhatnagar, Vishal, 1977- 45464, Data mining in dynamic social networks and fuzzy systems /